Investigación cualitativa en educación.
Gorde:
| Egile nagusia: | |
|---|---|
| Beste egile batzuk: | |
| Formatua: | Liburua |
| Hizkuntza: | gaztelania |
| Argitaratua: |
Buenos Aires, Argentina:
Miño y Dávila SRL,
2017.
|
| Edizioa: | Primera edición |
| Saila: | Colección Educación, Crítica y Debate
|
| Gaiak: | |
| Sarrera elektronikoa: | Disponible Online - Cap. 24 |
| Etiketak: |
Etiketa erantsi
Etiketarik gabe, Izan zaitez lehena erregistro honi etiketa jartzen!
|
MARC
| LEADER | 00000cam a2200000 a 4500 | ||
|---|---|---|---|
| 001 | UCC5881 | ||
| 003 | CL-VaPUC | ||
| 005 | 20250116165608.0 | ||
| 008 | 181109e20170000ag |||||||||||||||||spa|d | ||
| 020 | |a 978-84-16467-60-0 | ||
| 040 | |c Pontificia Universidad Católica de Valparaíso | ||
| 082 | 0 | 4 | |a 370.7 RED 2017 |2 21 |
| 100 | |a Redon Pantoja, Silvia María |e coordinadora |9 600306 | ||
| 245 | 1 | 0 | |a Investigación cualitativa en educación. |
| 250 | |a Primera edición | ||
| 260 | |a Buenos Aires, Argentina: |b Miño y Dávila SRL, |c 2017. | ||
| 300 | |a 409 páginas | ||
| 440 | |a Colección Educación, Crítica y Debate |9 858382 | ||
| 583 | |a last modification |c 20181129 01:07:33 |k Rodrigo Vera | ||
| 650 | 0 | |a Investigación educacional |9 261192 | |
| 650 | 0 | |a Métodos de investigación |9 262618 | |
| 650 | 0 | |a Sociología de la educación |9 260380 | |
| 650 | 0 | |a Educación |x Investigación cualitativa |9 858383 | |
| 700 | 0 | |a Angulo Rasco, José Félix |e coordinador |9 600307 | |
| 856 | |u http://bibliografiadigital.pucv.cl.pucv.idm.oclc.org/index.php/bibliotecapucv/catalog/book/661 |y Disponible Online - Cap. 24 | ||
| 942 | |c BK |2 ddc | ||
| 945 | |d 20181109 15:19:00 |a dcastane | ||
| 999 | |c 372989 |d 372987 | ||
| 952 | |0 0 |1 0 |2 ddc |3 erb |4 0 |6 370_700000000000000_RED_2017 |7 0 |8 A |9 490892 |a BIBEDU |b BIBEDU |i 5510899 |l 4 |o 370.7 RED 2017 |p 5510899 |q 2025-05-15 |r 2025-04-15 |s 2025-04-15 |w 2019-11-24 |y BK |z Catalogado en:20181109 |k MUS | ||
| 952 | |0 0 |1 0 |2 ddc |3 erb |4 0 |6 370_700000000000000_RED_2017 |7 0 |8 A |9 490893 |a BIBEDU |b BIBEDU |c MCIRC |i 5519047 |l 6 |m 1 |o 370.7 RED 2017 |p 5519047 |q 2025-06-04 |r 2025-05-05 |s 2025-05-05 |w 2019-11-24 |y BK |z Catalogado en:20181130 |k EPE | ||
| 952 | |0 0 |1 0 |2 ddc |3 erb |4 0 |6 370_700000000000000_RED_2017 |7 0 |8 A |9 490894 |a BIBEDU |b BIBEDU |c MCIRC |i 5519039 |l 7 |o 370.7 RED 2017 |p 5519039 |q 2025-05-15 |r 2025-04-15 |s 2025-04-15 |w 2019-11-24 |y BK |z Catalogado en:20181130 |k EPE | ||
| 952 | |0 0 |1 0 |2 ddc |3 erb |4 0 |6 370_700000000000000_RED_2017 |7 0 |8 A |9 490895 |a BIBEDU |b BIBEDU |c MCIRC |i 5519020 |l 4 |m 1 |o 370.7 RED 2017 |p 5519020 |q 2025-05-29 |r 2025-04-29 |s 2025-04-29 |w 2019-11-24 |y BK |z Catalogado en:20181130 |k EPE | ||
| 952 | |0 0 |1 0 |2 ddc |3 erb |4 0 |6 370_700000000000000_RED_2017 |7 0 |8 A |9 490896 |a BIBEDU |b BIBEDU |c MCIRC |i 5519012 |l 4 |o 370.7 RED 2017 |p 5519012 |r 2025-05-06 |s 2025-04-29 |w 2019-11-24 |y BK |z Catalogado en:20181130 |k EPE | ||
| 952 | |0 0 |1 0 |2 ddc |3 erb |4 0 |6 370_700000000000000_RED_2017 |7 0 |8 A |9 490897 |a BIBEDU |b BIBEDU |c MCIRC |i 5519004 |l 2 |o 370.7 RED 2017 |p 5519004 |r 2025-04-29 |s 2025-04-22 |w 2019-11-24 |y BK |z Catalogado en:20181130 |k EPE | ||
| 952 | |0 0 |1 0 |3 erb |4 0 |6 370_700000000000000_RED_2017 |7 0 |8 A |9 490898 |a BIBMAT |b BIBMAT |c E_DIDACT |i 5518857 |o 370.7 RED 2017 |p 5518857 |r 2025-01-07 |w 2019-11-24 |y BK |z Catalogado en:20181130 |k MAT | ||
| 952 | |0 0 |1 0 |3 erb |4 0 |6 370_700000000000000_RED_2017 |7 0 |8 A |9 490899 |a BIBHIS |b BIBHIS |i 5518849 |l 3 |m 2 |o 370.7 RED 2017 |p 5518849 |r 2025-01-20 |s 2024-01-17 |w 2019-11-24 |y BK |z Catalogado en:20181130 |k HIS | ||
| 952 | |0 0 |1 0 |2 ddc |3 erb |4 0 |6 370_700000000000000_RED_2017 |7 0 |8 A |9 490900 |a BIBCUR |b BIBCUR |i 5518830 |l 2 |o 370.7 RED 2017 |p 5518830 |r 2025-04-22 |s 2024-06-24 |w 2019-11-24 |y BK |z Catalogado en:20181130 |k CAC | ||
| 952 | |0 0 |1 0 |2 ddc |4 0 |6 370_700000000000000_RED_2017 |7 0 |8 A |9 577000 |a BIBTEO |b BIBTEO |d 2020-11-24 |e 3 |g 27706.00 |i 5578345 |o 370.7 RED 2017 |p 5578345 |r 2025-01-17 |t 10 |v 27706.00 |w 2020-11-24 |y BK |k ICR | ||
| 952 | |0 0 |1 0 |2 ddc |4 0 |6 370_700000000000000_RED_2017 |7 0 |8 A |9 588548 |a BIBGIM |b BIBGIM |c GEN |d 2023-01-06 |e 3 |g 28344.00 |i 5656333 |o 370.7 RED 2017 |p 5656333 |r 2025-01-15 |t 11 |v 28344.00 |w 2023-01-06 |y BK |k SSL | ||
| 952 | |0 0 |1 0 |2 ddc |4 0 |6 370_700000000000000_RED_2017 |7 0 |8 A |9 594220 |a BIBEDU |b BIBEDU |c S_PSTGRDO |d 2024-04-24 |e 3 |g 27936.00 |i 5660882 |l 2 |o 370.7 RED 2017 |p 5660882 |r 2025-03-25 |s 2025-03-11 |t 12 |v 27936.00 |w 2024-04-24 |y BK |k DED | ||